000 00343nam a22001217a 4500
008 180514b xxu||||| |||| 00| 0 eng d
041 _aeng
080 _a043.3
100 _a0
101 _aMBE-BTH
245 _a"The impact of-education on employment and the quality of services provided by employess in Kosovo"
_cCavolli,F
942 _2udc
_cBK
999 _c45734
_d45734